[Event "IND-ch U13 31st"]
[Site "Jalandhar"]
[Date "2017.06.21"]
[Round "1"]
[White "Ishan, Sanjay Pagi"]
[Black "Mehta, Naitik R"]
[Result "1/2-1/2"]
[WhiteElo "1362"]
[BlackElo "1980"]
[PlyCount "124"]
[EventDate "2017.06.21"]
[EventType "swiss"]
[EventRounds "11"]
[EventCountry "IND"]
[SourceTitle "CBM 179 Extra"]
[Source "ChessBase"]
[SourceDate "2017.08.23"]
[SourceVersion "1"]
[SourceVersionDate "2017.08.23"]
[SourceQuality "1"]

1. d4 d5 2. Nf3 e6 3. c4 c5 4. e3 Nc6 5. Nc3 Nf6 6. Bd3 Be7 7. 0-0 0-0 8. a3 b6 9. h3 a6 10. cxd5 exd5 11. Ne5 Bb7 12. Bc2 Qc7 13. f4 cxd4 14. Nxc6 dxc3 15. Nxe7+ Qxe7 16. bxc3 Rac8 17. Bd2 Ne4 18. Bxe4 dxe4 19. c4 Rfd8 20. Qe2 Rd3 21. Rfc1 Qc5 22. Rc3 Rcd8 23. Rd1 h6 24. Kf2 Bc6 25. Rxd3 exd3 26. Qg4 Qxc4 27. Rc1 Qa2 28. Ke1 Qd5 29. Kf2 Rd6 30. f5 Rf6 31. e4 Qxe4 32. Qxe4 Bxe4 33. g4 Rd6 34. Rc4 Bb7 35. h4 Rd7 36. Ke3 Bg2 37. Rd4 Rxd4 38. Kxd4 Bh3 39. Kxd3 Bxg4 40. f6 gxf6 41. Bxh6 Kh7 42. Be3 b5 43. Kd4 a5 44. Bd2 a4 45. Ke3 Kg6 46. Kf4 Be2 47. Bb4 Bd3 48. Be7 f5 49. Bb4 Be2 50. Be7 Bg4 51. Bb4 Kh5 52. Be7 Kh6 53. Bb4 Kg6 54. Be7 Kh5 55. Bb4 Kxh4 56. Be7+ Kh3 57. Bb4 Kg2 58. Bc5 Kf1 59. Bb4 Ke2 60. Bc5 Kd3 61. Bb4 Kc4 62. Be7 f6 1/2-1/2